[Event "FRA-chT4 0809"]
[Site "France "]
[Date "2009.01.18"]
[Round "4"]
[White "Prest, Arnaud"]
[Black "Berthelot, Nathan"]
[Result "0-1"]
[WhiteElo "1680"]
[BlackElo "1773"]
[PlyCount "89"]
[EventDate "2008.10.??"]
[EventType "team-tourn"]
[EventRounds "9"]
[EventCountry "FRA"]
[SourceTitle "EXT 2010"]
[Source "ChessBase"]
[SourceDate "2010.11.25"]
[SourceVersion "1"]
[SourceVersionDate "2010.11.25"]
[SourceQuality "1"]

1. b3 e5 2. Bb2 Nc6 3. e3 d5 4. Bb5 f6 5. Bxc6+ bxc6 6. Ne2 Bd6 7. 0-0 Nh6 8. f4 0-0 9. fxe5 fxe5 10. Rxf8+ Kxf8 11. Nbc3 Bg4 12. Qe1 Kg8 13. Qg3 e4 14. Nf4 Qe7 15. h3 Bd7 16. Nce2 Nf5 17. Qf2 Qg5 18. Rf1 Rf8 19. Nd4 Nh4 20. Kh1 c5 21. Nde2 Qh6 22. Ng3 g5 23. Nxd5 Rxf2 24. Rxf2 Qe6 25. Nh5 Be5 26. Ndf6+ Bxf6 27. Nxf6+ Kf7 28. Nxh7+ Ke7 29. Bf6+ Kd6 30. Nxg5 Qe8 31. Rf4 Nf5 32. Nxe4+ Kc6 33. g4 Ng3+ 34. Nxg3 Qg6 35. Ne4 Be6 36. Be7 Qh7 37. Bxc5 Bd5 38. Rf6+ Kb7 39. d3 Qxh3+ 40. Kg1 Qxg4+ 41. Kf1 Qd1+ 42. Kg2 Bxe4+ 43. dxe4 Qxc2+ 44. Kf3 Qxc5 45. Rf5 0-1